[Event "CZE-chT1W 2122"]
[Site "Czech Republic"]
[Date "2021.12.12"]
[Round "5.3"]
[White "Kovar, Vojtech"]
[Black "Cernik, Lukas"]
[Result "0-1"]
[WhiteElo "2227"]
[BlackElo "2163"]
[PlyCount "76"]
[EventDate "2021.10.10"]
[EventType "team-tourn"]
[EventRounds "11"]
[EventCountry "CZE"]
[SourceTitle "EXT 2023"]
[Source "ChessBase"]
[SourceDate "2022.10.05"]
[SourceVersion "1"]
[SourceVersionDate "2022.10.05"]
[SourceQuality "1"]
[WhiteTeam "Unichess"]
[BlackTeam "Neratovice"]
[WhiteTeamCountry "CZE"]
[BlackTeamCountry "CZE"]

1. d4 g6 2. e4 Bg7 3. Nc3 d6 4. Nf3 a6 5. Be2 b5 6. 0-0 Nd7 7. Bg5 Bb7 8. Re1 c5 9. a4 b4 10. Nd5 h6 11. Bh4 g5 12. Bg3 Ngf6 13. Bc4 0-0 14. a5 e6 15. Nxf6+ Nxf6 16. dxc5 Nxe4 17. Bxd6 Nxd6 18. Qxd6 Qxd6 19. cxd6 Bxb2 20. Rad1 Rfd8 21. Re3 Rac8 22. Bb3 Rc5 23. Red3 Be4 24. Nd2 Bxd3 25. cxd3 Rc1 26. Nc4 Rxd1+ 27. Bxd1 Bd4 28. Ba4 Bc5 29. d7 b3 30. Kf1 Kf8 31. Ke2 Ke7 32. Kd2 f6 33. f3 Rb8 34. Kc1 Rb4 35. Bc6 Kd8 36. Kb2 Kc7 37. h3 Be7 38. Kc3 Rxc4+ 0-1

[Event "CZE-chT1W 2122"]
[Site "Czech Republic"]
[Date "2021.11.14"]
[Round "3.7"]
[White "Kovar, Vojtech"]
[Black "Postupa, Pavel1111"]
[Result "0-1"]
[WhiteElo "2227"]
[BlackElo "2253"]
[PlyCount "70"]
[EventDate "2021.10.10"]
[EventType "team-tourn"]
[EventRounds "11"]
[EventCountry "CZE"]
[SourceTitle "EXT 2023"]
[Source "ChessBase"]
[SourceDate "2022.10.05"]
[SourceVersion "1"]
[SourceVersionDate "2022.10.05"]
[SourceQuality "1"]
[WhiteTeam "Unichess"]
[BlackTeam "Pankrac"]
[WhiteTeamCountry "CZE"]
[BlackTeamCountry "CZE"]

1. c3 Nf6 2. f4 c5 3. Nf3 g6 4. g3 b6 5. Bg2 Bb7 6. d3 Bg7 7. e4 d6 8. Nbd2 0-0 9. h3 b5 10. Qe2 Nc6 11. g4 Nd7 12. h4 b4 13. c4 e6 14. h5 Re8 15. Nf1 f5 16. Ng3 fxg4 17. Ng5 Nd4 18. Qxg4 h6 19. hxg6 hxg5 20. fxg5 Nc2+ 21. Kd1 Nxa1 22. Nf5 exf5 23. exf5 Bxg2 24. Qxg2 Qe7 25. f6 Qe2+ 26. Qxe2 Rxe2 27. Kxe2 Nxf6 28. gxf6 Bxf6 29. Bf4 Bxb2 30. Bxd6 Bd4 31. Rh5 b3 32. Bxc5 Bxc5 33. Rxc5 bxa2 34. Ra5 Nb3 35. Rxa2 Nc1+ 0-1

[Event "CZE-chT1W 2122"]
[Site "Czech Republic"]
[Date "2021.10.31"]
[Round "2.3"]
[White "Vojta, Jakub"]
[Black "Kovar, Vojtech"]
[Result "1/2-1/2"]
[WhiteElo "2123"]
[BlackElo "2227"]
[PlyCount "67"]
[EventDate "2021.10.10"]
[EventType "team-tourn"]
[EventRounds "11"]
[EventCountry "CZE"]
[SourceTitle "EXT 2023"]
[Source "ChessBase"]
[SourceDate "2022.10.05"]
[SourceVersion "1"]
[SourceVersionDate "2022.10.05"]
[SourceQuality "1"]
[WhiteTeam "Vlasim Spartak"]
[BlackTeam "Unichess"]
[WhiteTeamCountry "CZE"]
[BlackTeamCountry "CZE"]

1. Nf3 Nf6 2. b3 e6 3. Bb2 Be7 4. g3 b6 5. Bg2 Bb7 6. 0-0 0-0 7. c4 c5 8. Nc3 d6 9. d4 Ne4 10. Qc2 Nxc3 11. Bxc3 Nd7 12. Qb2 Bf6 13. Rad1 Qc7 14. h4 Rab8 15. Ng5 h6 16. Ne4 Bxe4 17. Bxe4 cxd4 18. Bxd4 b5 19. cxb5 Rxb5 20. Rc1 Bxd4 21. Qxd4 Rc5 22. Rxc5 Nxc5 23. Bb1 Rb8 24. Qf4 a5 25. Rd1 Rb6 26. Kh2 Rc6 27. b4 axb4 28. Qxb4 Rb6 29. Qa5 Qc8 30. Bc2 Nd7 31. Rd3 Nf6 32. Rb3 Rxb3 33. axb3 Nd5 34. Be4 1/2-1/2

[Event "CZE-chT2A 1920"]
[Site "Czech Republic"]
[Date "2020.02.09"]
[Round "8.1"]
[White "Kovar, Vojtech"]
[Black "Bartak, Vladimir"]
[Result "1-0"]
[WhiteElo "2246"]
[BlackElo "2276"]
[PlyCount "72"]
[EventDate "2019.10.13"]
[EventType "team-tourn"]
[EventRounds "11"]
[EventCountry "CZE"]
[SourceTitle "EXT 2024"]
[Source "ChessBase"]
[SourceDate "2023.10.10"]
[SourceVersion "1"]
[SourceVersionDate "2023.10.10"]
[SourceQuality "1"]
[WhiteTeam "Unichess Reserve"]
[BlackTeam "Praha Mahrla"]
[WhiteTeamCountry "CZE"]
[BlackTeamCountry "CZE"]

1. e4 c5 2. Nf3 Nc6 3. Bb5 g6 4. 0-0 Bg7 5. Re1 Nf6 6. c3 0-0 7. h3 a6 8. Bf1 d5 9. e5 Ne8 10. d4 c4 11. Nh2 f6 12. f4 b5 13. h4 Ra7 14. Nd2 h5 15. g4 hxg4 16. Nxg4 fxe5 17. fxe5 Bf5 18. Nf2 e6 19. Nf3 b4 20. Ng5 bxc3 21. bxc3 Bh6 22. Ng4 Bxg5 23. Bxg5 Qa5 24. Re3 Ng7 25. Nf6+ Kf7 26. h5 gxh5 27. Nxh5 Rg8 28. Nf6 Rh8 29. Qf3 Ne7 30. Qg2 Ng6 31. Be2 Qa3 32. Rf1 Kf8 33. Nxd5 exd5 34. Qxd5 Ke8 35. Qd8+ Kf7 36. Bxc4+ Ne6 1-0

[Event "CZE-chT1W 1920"]
[Site "Czech Republic"]
[Date "2020.02.02"]
[Round "7.3"]
[White "Kovar, Vojtech"]
[Black "Vojta, Jakub"]
[Result "1-0"]
[WhiteElo "2231"]
[BlackElo "2134"]
[PlyCount "65"]
[EventDate "2019.10.20"]
[EventType "team-tourn"]
[EventRounds "11"]
[EventCountry "CZE"]
[SourceTitle "CBM 194 Extra"]
[Source "ChessBase"]
[SourceDate "2020.03.31"]
[SourceVersion "1"]
[SourceVersionDate "2020.03.31"]
[SourceQuality "1"]
[WhiteTeam "Unichess"]
[BlackTeam "Vlasim Spartak"]
[WhiteTeamCountry "CZE"]
[BlackTeamCountry "CZE"]

1. e4 c5 2. Nf3 d6 3. Bb5+ Nd7 4. Ba4 a6 5. c4 Ngf6 6. Nc3 g6 7. d3 Bg7 8. h3 0-0 9. Be3 e5 10. g4 Nb8 11. Qd2 Nc6 12. Bg5 Be6 13. Nd5 b5 14. Bb3 Bxd5 15. cxd5 Nd4 16. Nxd4 exd4 17. 0-0-0 Qc7 18. Kb1 Nd7 19. Bh6 Bh8 20. Bxf8 Rxf8 21. Rc1 Rc8 22. h4 Bg7 23. g5 Nb6 24. Bd1 c4 25. Bg4 Rb8 26. h5 Na4 27. hxg6 hxg6 28. f4 Qc5 29. f5 c3 30. Qh2 Qb4 31. f6 Bh6 32. b3 Qa3 33. Rc2 1-0

[Event "CZE-chT2A 1920"]
[Site "Czech Republic"]
[Date "2019.10.13"]
[Round "1.1"]
[White "Mejzlik, Ondrej"]
[Black "Kovar, Vojtech"]
[Result "1-0"]
[WhiteElo "2316"]
[BlackElo "2246"]
[PlyCount "95"]
[EventDate "2019.10.13"]
[EventType "team-tourn"]
[EventRounds "11"]
[EventCountry "CZE"]
[SourceTitle "EXT 2024"]
[Source "ChessBase"]
[SourceDate "2023.10.10"]
[SourceVersion "1"]
[SourceVersionDate "2023.10.10"]
[SourceQuality "1"]
[WhiteTeam "Vlasim II"]
[BlackTeam "Unichess Reserve"]
[WhiteTeamCountry "CZE"]
[BlackTeamCountry "CZE"]

1. c4 Nf6 2. Nc3 g6 3. g3 Bg7 4. Bg2 0-0 5. e4 d6 6. Nge2 c6 7. 0-0 a6 8. f4 b5 9. cxb5 axb5 10. d4 b4 11. Nb1 d5 12. e5 Ne4 13. Nd2 Bf5 14. Qb3 Qb6 15. Nxe4 Bxe4 16. Bd2 Bxg2 17. Kxg2 Na6 18. a4 e6 19. g4 f5 20. h3 Rfc8 21. gxf5 gxf5 22. Be3 c5 23. dxc5 Nxc5 24. Bxc5 Rxc5 25. Qd3 Rac8 26. Rfc1 Rxc1 27. Rxc1 Rxc1 28. Nxc1 Qc6 29. Qd1 b3 30. a5 Qa4 31. Ne2 Bh6 32. Qc1 Qe4+ 33. Kf2 Bf8 34. Qc3 Bb4 35. Qc8+ Kf7 36. a6 Bd2 37. Qd7+ Kf8 38. Qd8+ Kf7 39. Qf6+ Ke8 40. Qxe6+ Kf8 41. Qc8+ Kg7 42. Qb7+ Kf8 43. Qa8+ Ke7 44. Qa7+ Ke8 45. Qd4 Qh1 46. Qxd2 Qh2+ 47. Ke3 Qxh3+ 48. Kd4 1-0

[Event "CZE-chT 1819"]
[Site "Czech Republic"]
[Date "2019.04.21"]
[Round "11.4"]
[White "Kovar, Vojtech"]
[Black "Petr, Martin"]
[Result "1/2-1/2"]
[WhiteElo "2257"]
[BlackElo "2440"]
[PlyCount "134"]
[EventDate "2018.11.03"]
[EventType "team-tourn"]
[EventRounds "11"]
[EventCountry "CZE"]
[SourceTitle "CBM 190 Extra"]
[Source "ChessBase"]
[SourceDate "2019.07.15"]
[SourceVersion "1"]
[SourceVersionDate "2019.07.15"]
[SourceQuality "1"]
[WhiteTeam "Unichess"]
[BlackTeam "Pardubice"]
[WhiteTeamCountry "CZE"]
[BlackTeamCountry "CZE"]

1. Nf3 c5 2. e4 Nc6 3. Nc3 g6 4. d4 cxd4 5. Nxd4 Bg7 6. Be3 Nf6 7. Be2 0-0 8. Nb3 d6 9. f4 a6 10. Bf3 Bd7 11. a4 Be6 12. 0-0 Rc8 13. Rf2 Qc7 14. Nd5 Bxd5 15. exd5 Na5 16. Nxa5 Qxa5 17. c3 Nd7 18. g4 Qc7 19. a5 e5 20. dxe6 fxe6 21. f5 gxf5 22. gxf5 Rxf5 23. Bg4 Rxf2 24. Bxf2 Re8 25. Qb3 d5 26. Re1 Ne5 27. Bh5 Rf8 28. Bg3 Rf5 29. Qa4 Qe7 30. Bxe5 Bxe5 31. Qe8+ Qxe8 32. Bxe8 d4 33. Bd7 Kf7 34. Bxe6+ Kxe6 35. cxd4 Kd6 36. Rxe5 Rxe5 37. dxe5+ Kxe5 38. Kg2 Ke4 39. Kg3 Kd3 40. Kg4 Kc2 41. Kh5 Kxb2 42. Kh6 Kc3 43. Kxh7 Kb4 44. h4 Kxa5 45. h5 b5 46. h6 b4 47. Kg8 b3 48. h7 b2 49. h8Q b1Q 50. Qe5+ Ka4 51. Qd4+ Qb4 52. Qa1+ Kb5 53. Qe5+ Kc6 54. Qf6+ Kb7 55. Qf3+ Kb8 56. Qg3+ Ka8 57. Qf3+ Qb7 58. Qf5 Qb8+ 59. Kf7 Qc7+ 60. Ke6 Kb7 61. Kd5 Qa5+ 62. Ke4 Qb4+ 63. Ke3 Kb6 64. Qe6+ Kb5 65. Kd3 Qb1+ 66. Kc3 Qc1+ 67. Kb3 Qb1+ 1/2-1/2

[Event "CZE-chT 1819"]
[Site "Czech Republic"]
[Date "2019.04.19"]
[Round "9.2"]
[White "Kovar, Vojtech"]
[Black "Kriebel, Tadeas"]
[Result "0-1"]
[WhiteElo "2257"]
[BlackElo "2491"]
[PlyCount "84"]
[EventDate "2018.11.03"]
[EventType "team-tourn"]
[EventRounds "11"]
[EventCountry "CZE"]
[SourceTitle "CBM 190 Extra"]
[Source "ChessBase"]
[SourceDate "2019.07.15"]
[SourceVersion "1"]
[SourceVersionDate "2019.07.15"]
[SourceQuality "1"]
[WhiteTeam "Unichess"]
[BlackTeam "Novoborsky"]
[WhiteTeamCountry "CZE"]
[BlackTeamCountry "CZE"]

1. e4 e5 2. Nf3 Nc6 3. Bb5 a6 4. Ba4 Nf6 5. 0-0 Be7 6. Re1 b5 7. Bb3 d6 8. c3 Na5 9. Bc2 c5 10. d4 exd4 11. cxd4 Bg4 12. dxc5 dxc5 13. Qxd8+ Rxd8 14. Ne5 Be6 15. Bd2 Nc4 16. Nxc4 Bxc4 17. Ba5 Rb8 18. Nd2 Be6 19. Nb3 Nd7 20. Rad1 Nb6 21. Bc3 Nc4 22. Bd3 f6 23. Bxc4 Bxc4 24. Na5 Bxa2 25. Nc6 Rb6 26. Nxe7 Kxe7 27. e5 Be6 28. b4 cxb4 29. Bxb4+ Kf7 30. Rc1 Rc8 31. Rxc8 Bxc8 32. Rc1 Bd7 33. Rc7 Ke6 34. f4 f5 35. Kf2 Rc6 36. Rxc6+ Bxc6 37. Ke3 Bxg2 38. Kd4 g5 39. fxg5 f4 40. h4 Kf5 41. Bc3 Bf3 42. Kc5 Bh5 0-1

[Event "CZE-chT 1819"]
[Site "Czech Republic"]
[Date "2019.02.09"]
[Round "7.4"]
[White "Jasny, Stanislav"]
[Black "Kovar, Vojtech"]
[Result "1/2-1/2"]
[WhiteElo "2375"]
[BlackElo "2257"]
[PlyCount "114"]
[EventDate "2018.11.03"]
[EventType "team-tourn"]
[EventRounds "11"]
[EventCountry "CZE"]
[SourceTitle "CBM 188 Extra"]
[Source "ChessBase"]
[SourceDate "2019.02.26"]
[SourceVersion "1"]
[SourceVersionDate "2019.02.26"]
[SourceQuality "1"]
[WhiteTeam "Frydek Mistek"]
[BlackTeam "Unichess"]
[WhiteTeamCountry "CZE"]
[BlackTeamCountry "CZE"]

1. d4 d5 2. c4 e6 3. Nc3 Nf6 4. Bg5 Be7 5. e3 h6 6. Bh4 0-0 7. Nf3 Nbd7 8. Qc2 c5 9. Rd1 Qa5 10. Be2 cxd4 11. Nxd4 Bb4 12. 0-0 Bxc3 13. bxc3 dxc4 14. Bxc4 Ne5 15. Bb3 Nd5 16. Bg3 Nb6 17. c4 Bd7 18. c5 Rfc8 19. Qe4 Rxc5 20. Qxb7 Rac8 21. Bxe5 Rxe5 22. Rc1 Rec5 23. Rxc5 Rxc5 24. h3 Rc8 25. Rd1 Ba4 26. Nf3 Bc6 27. Qe7 Bxf3 28. gxf3 Qg5+ 29. Qxg5 hxg5 30. Rd4 Kf8 31. h4 gxh4 32. Rxh4 Rc5 33. Rh8+ Ke7 34. Rb8 Kd7 35. Rf8 Ke7 36. Rg8 g6 37. Kg2 Rc8 38. Rxc8 Nxc8 39. f4 Kd6 40. Kf3 f5 41. Ke2 Ne7 42. Kd3 e5 43. fxe5+ Kxe5 44. f4+ Kf6 45. Kd4 g5 46. fxg5+ Kxg5 47. Ke5 Ng6+ 48. Kd6 f4 49. exf4+ Kxf4 50. Kc6 Ke5 51. a4 a5 52. Kb6 Kd6 53. Kxa5 Kc5 54. Bd1 Ne5 55. Ka6 Kb4 56. Kb6 Nc4+ 57. Ka6 Nb2 1/2-1/2

[Event "Pardubice Czech op-E 29th"]
[Site "Pardubice"]
[Date "2018.07.14"]
[Round "5"]
[White "Kovar, Vojtech"]
[Black "Goban, Marek"]
[Result "1/2-1/2"]
[WhiteElo "2264"]
[BlackElo "2089"]
[PlyCount "41"]
[EventDate "2018.07.12"]
[EventType "team"]
[EventRounds "7"]
[EventCountry "CZE"]
[SourceTitle "EXT 2019"]
[Source "ChessBase"]
[SourceDate "2018.10.10"]
[SourceVersion "1"]
[SourceVersionDate "2018.10.10"]
[SourceQuality "1"]
[WhiteTeam "Unichess"]
[BlackTeam "Pitny Rezim"]
[WhiteTeamCountry "CZE"]
[BlackTeamCountry "SVK"]

1. e4 d6 2. d4 Nf6 3. Nc3 Nbd7 4. f4 e5 5. Nf3 c6 6. a4 Qa5 7. Bd2 Qc7 8. Be3 Be7 9. Be2 0-0 10. 0-0 Re8 11. Kh1 Bf8 12. Nd2 b6 13. Qe1 exd4 14. Bxd4 c5 15. Bg1 Bb7 16. Qg3 Rad8 17. Bd3 c4 18. Bxc4 Nxe4 19. Ncxe4 Bxe4 20. Bb3 Bc6 21. Nf3 1/2-1/2

[Event "CZE-chT 1718"]
[Site "Czech Republic"]
[Date "2018.01.13"]
[Round "5.5"]
[White "Chytilek, Roman"]
[Black "Kovar, Vojtech"]
[Result "1-0"]
[WhiteElo "2335"]
[BlackElo "2266"]
[PlyCount "77"]
[EventDate "2017.11.18"]
[EventType "team-tourn"]
[EventRounds "11"]
[EventCountry "CZE"]
[SourceTitle "EXT 2019"]
[Source "ChessBase"]
[SourceDate "2018.10.10"]
[SourceVersion "1"]
[SourceVersionDate "2018.10.10"]
[SourceQuality "1"]
[WhiteTeam "Brno Duras"]
[BlackTeam "Unichess"]
[WhiteTeamCountry "CZE"]
[BlackTeamCountry "CZE"]

1. Nf3 g6 2. d4 Nf6 3. g3 Bg7 4. Bg2 0-0 5. 0-0 d6 6. Re1 Nbd7 7. a4 a5 8. Na3 d5 9. c4 e6 10. Nb5 c6 11. Nd6 Qe7 12. Bf4 Nh5 13. Nxc8 Rfxc8 14. Bg5 Bf6 15. Bd2 Qd6 16. Qb3 Bd8 17. e4 dxe4 18. Rxe4 Ndf6 19. Re2 Bc7 20. Rae1 Rab8 21. Bc3 Qd8 22. Ng5 Ng7 23. h4 h6 24. Ne4 Nxe4 25. Bxe4 Bd6 26. d5 cxd5 27. cxd5 e5 28. Bb1 Qd7 29. Bxe5 Bxe5 30. Rxe5 Re8 31. Bd3 Rxe5 32. Rxe5 Rc8 33. Re1 Rc5 34. Be4 Ne8 35. Qb6 Rc4 36. Bd3 Rb4 37. Bb5 Nc7 38. d6 Nd5 39. Qc5 1-0

[Event "CZE-chT1W 1718"]
[Site "Czech Republic"]
[Date "2018.01.07"]
[Round "5.2"]
[White "Vybiral, Zdenek"]
[Black "Kovar, Vojtech"]
[Result "1/2-1/2"]
[WhiteElo "2222"]
[BlackElo "2266"]
[PlyCount "50"]
[EventDate "2017.10.29"]
[EventType "team-tourn"]
[EventRounds "11"]
[EventCountry "CZE"]
[SourceTitle "EXT 2019"]
[Source "ChessBase"]
[SourceDate "2018.10.10"]
[SourceVersion "1"]
[SourceVersionDate "2018.10.10"]
[SourceQuality "1"]
[WhiteTeam "Ceske Budejovice"]
[BlackTeam "Unichess"]
[WhiteTeamCountry "CZE"]
[BlackTeamCountry "CZE"]

1. d4 Nf6 2. c4 e6 3. Nc3 Bb4 4. f3 0-0 5. e4 d5 6. e5 Nfd7 7. f4 c5 8. Nf3 Nb6 9. cxd5 Nxd5 10. Bd2 Nc6 11. a3 Bxc3 12. bxc3 cxd4 13. cxd4 f6 14. Qc1 fxe5 15. dxe5 Bd7 16. Bd3 Rc8 17. Qb1 h6 18. g3 Na5 19. 0-0 Nc4 20. Ra2 b5 21. Bh7+ Kh8 22. Be4 Bc6 23. Qd3 Qb6+ 24. Qd4 Qb7 25. a4 Ndb6 1/2-1/2

[Event "CZE-chT 1718"]
[Site "Czech Republic"]
[Date "2017.12.03"]
[Round "4.1"]
[White "Kovar, Vojtech"]
[Black "Talla, Vladimir"]
[Result "1/2-1/2"]
[WhiteElo "2266"]
[BlackElo "2395"]
[PlyCount "41"]
[EventDate "2017.11.18"]
[EventType "team-tourn"]
[EventRounds "11"]
[EventCountry "CZE"]
[SourceTitle "CBM 181 Extra"]
[Source "ChessBase"]
[SourceDate "2017.12.12"]
[SourceVersion "1"]
[SourceVersionDate "2017.12.12"]
[SourceQuality "1"]
[WhiteTeam "Unichess"]
[BlackTeam "Ostrava Labortech"]
[WhiteTeamCountry "CZE"]
[BlackTeamCountry "CZE"]

1. d4 d5 2. c4 e6 3. Nc3 Be7 4. cxd5 exd5 5. Bf4 c6 6. e3 Bf5 7. Nge2 Nd7 8. Ng3 Bg6 9. Be2 Nb6 10. Qb3 Nf6 11. h4 h6 12. h5 Bh7 13. Be5 0-0 14. Bxf6 Bxf6 15. Bg4 Re8 16. Nce2 Bh4 17. Bf5 Bxg3 18. Bxh7+ Kxh7 19. Nxg3 Kh8 20. Qd3 Nc4 21. b3 1/2-1/2

[Event "CZE-ch"]
[Site "Ostrava"]
[Date "2017.05.04"]
[Round "6"]
[White "Postupa, Pavel1111"]
[Black "Kovar, Vojtech"]
[Result "0-1"]
[WhiteElo "2202"]
[BlackElo "2326"]
[PlyCount "62"]
[EventDate "2017.04.29"]
[EventType "swiss"]
[EventRounds "9"]
[EventCountry "CZE"]
[SourceTitle "CBM 178 Extra"]
[Source "ChessBase"]
[SourceDate "2017.06.22"]
[SourceVersion "1"]
[SourceVersionDate "2017.06.22"]
[SourceQuality "1"]

1. e4 c5 2. Nf3 e6 3. d4 cxd4 4. Nxd4 a6 5. Nc3 Qc7 6. Bd3 Nf6 7. f4 d6 8. g4 Nc6 9. Nxc6 bxc6 10. Qe2 Rb8 11. g5 Nd7 12. Bxa6 Bxa6 13. Qxa6 d5 14. Qe2 Bc5 15. exd5 cxd5 16. Rf1 0-0 17. a4 Bb4 18. Bd2 Qa5 19. Nd1 d4 20. Bxb4 Rxb4 21. Qd2 Nc5 22. Nf2 Rfb8 23. Ra3 e5 24. fxe5 d3 25. cxd3 Nb3 26. Qc3 Nd4 27. Kd1 Qd5 28. Ne4 Rxb2 29. Ra1 Qd7 30. e6 fxe6 31. Rc1 Qxa4+ 0-1

[Event "CZE-ch"]
[Site "Ostrava"]
[Date "2017.05.03"]
[Round "5"]
[White "Kovar, Vojtech"]
[Black "Sikora, Jan"]
[Result "1/2-1/2"]
[WhiteElo "2326"]
[BlackElo "2204"]
[PlyCount "93"]
[EventDate "2017.04.29"]
[EventType "swiss"]
[EventRounds "9"]
[EventCountry "CZE"]
[SourceTitle "CBM 178 Extra"]
[Source "ChessBase"]
[SourceDate "2017.06.22"]
[SourceVersion "1"]
[SourceVersionDate "2017.06.22"]
[SourceQuality "1"]

1. d4 d5 2. c4 c6 3. Nf3 Nf6 4. Nc3 dxc4 5. a4 Bf5 6. e3 e6 7. Bxc4 Bb4 8. 0-0 Nbd7 9. Qe2 Bg6 10. e4 0-0 11. Bd3 Bh5 12. e5 Nd5 13. Nxd5 cxd5 14. Qe3 Re8 15. Ng5 Bg6 16. Bxg6 fxg6 17. a5 Bxa5 18. Qf3 Re7 19. Nxe6 Rxe6 20. Qxd5 Nf8 21. Rxa5 b6 22. Qxd8 Rxd8 23. Rxa7 Rxd4 24. Be3 Rb4 25. f4 Rxb2 26. Rc1 Re8 27. Rc6 g5 28. g3 gxf4 29. gxf4 g5 30. Bc1 Re2 31. Ra3 Rd8 32. Rf3 gxf4 33. Bxf4 Ng6 34. Bh6 Nxe5 35. Rg3+ Ng6 36. Rc1 Rde8 37. h4 Re1+ 38. Rxe1 Rxe1+ 39. Kf2 Rh1 40. Bg5 Kf7 41. Kg2 Rb1 42. h5 Ne5 43. Bh6 Ke6 44. Rg7 Rb2+ 45. Kg3 Rb3+ 46. Kg2 Rb2+ 47. Kg3 1/2-1/2

[Event "CZE-chT2B 1617"]
[Site "Czech Republic"]
[Date "2017.02.26"]
[Round "9.2"]
[White "Kovar, Vojtech"]
[Black "Pribyl, Jakub"]
[Result "1-0"]
[WhiteElo "2326"]
[BlackElo "2127"]
[PlyCount "81"]
[EventDate "2016.10.09"]
[EventType "team-tourn"]
[EventRounds "11"]
[EventCountry "CZE"]
[SourceTitle "EXT 2022"]
[Source "ChessBase"]
[SourceDate "2021.10.06"]
[SourceVersion "1"]
[SourceVersionDate "2021.10.06"]
[SourceQuality "1"]
[WhiteTeam "Bartos Unichess II"]
[BlackTeam "Usti nad Labem"]
[WhiteTeamCountry "CZE"]
[BlackTeamCountry "CZE"]

1. d4 Nf6 2. Nc3 g6 3. e4 d6 4. Be2 Bg7 5. Bg5 0-0 6. Qd2 c6 7. h4 e5 8. d5 c5 9. h5 a6 10. a4 b6 11. g4 Ra7 12. Nh3 Rb7 13. Rg1 Bd7 14. f4 Qe8 15. f5 b5 16. Nf2 b4 17. Ncd1 Bxa4 18. Be3 Bb5 19. g5 Nfd7 20. Bg4 Nb6 21. b3 Bd7 22. f6 Bh8 23. Bxd7 Qxd7 24. Ng4 Rc8 25. Qf2 Kf8 26. Qh4 Qd8 27. Rf1 Rcc7 28. Nb2 Ra7 29. Nd3 a5 30. hxg6 fxg6 31. Ngxe5 dxe5 32. Bxc5+ Rxc5 33. Nxc5 Qc8 34. Ne6+ Kg8 35. f7+ Rxf7 36. Rxf7 Qc3+ 37. Kd1 Qxa1+ 38. Ke2 h5 39. Qf2 N8d7 40. Rf8+ Nxf8 41. Qxf8+ 1-0

[Event "CZE-chT2B 1617"]
[Site "Czech Republic"]
[Date "2017.01.15"]
[Round "6.1"]
[White "Kovar, Vojtech"]
[Black "Braun, Marek"]
[Result "0-1"]
[WhiteElo "2326"]
[BlackElo "2242"]
[PlyCount "58"]
[EventDate "2016.10.09"]
[EventType "team-tourn"]
[EventRounds "11"]
[EventCountry "CZE"]
[SourceTitle "EXT 2022"]
[Source "ChessBase"]
[SourceDate "2021.10.06"]
[SourceVersion "1"]
[SourceVersionDate "2021.10.06"]
[SourceQuality "1"]
[WhiteTeam "Bartos Unichess II"]
[BlackTeam "Liberec Desko"]
[WhiteTeamCountry "CZE"]
[BlackTeamCountry "CZE"]

1. e4 d6 2. d4 Nf6 3. Nc3 c6 4. Nf3 Nbd7 5. e5 Nd5 6. Nxd5 cxd5 7. exd6 e6 8. Bf4 Qb6 9. Bd3 Bxd6 10. Qd2 0-0 11. 0-0-0 Nf6 12. Rhe1 Bd7 13. Be5 Be7 14. Qg5 Bb5 15. Bxh7+ Kxh7 16. Qh4+ Kg8 17. Ng5 Nh5 18. f4 f6 19. Qxh5 fxg5 20. fxg5 Rf5 21. h4 Be8 22. Qe2 Bg6 23. Bc7 Qxc7 24. Qxe6+ Kh7 25. h5 Qf4+ 26. Kb1 Bxh5 27. g4 Qxg4 28. Rh1 Qxg5 29. Rdg1 Qf6 0-1

[Event "CZE-chT2B 1617"]
[Site "Czech Republic"]
[Date "2016.12.11"]
[Round "5.1"]
[White "Mudra, Pavel"]
[Black "Kovar, Vojtech"]
[Result "1-0"]
[WhiteElo "2250"]
[BlackElo "2326"]
[PlyCount "67"]
[EventDate "2016.10.09"]
[EventType "team-tourn"]
[EventRounds "11"]
[EventCountry "CZE"]
[SourceTitle "EXT 2022"]
[Source "ChessBase"]
[SourceDate "2021.10.06"]
[SourceVersion "1"]
[SourceVersionDate "2021.10.06"]
[SourceQuality "1"]
[WhiteTeam "Bakov nad Jizerou"]
[BlackTeam "Bartos Unichess II"]
[WhiteTeamCountry "CZE"]
[BlackTeamCountry "CZE"]

1. d4 Nf6 2. Nf3 e6 3. Bg5 h6 4. Bxf6 Qxf6 5. e3 Qd8 6. Bd3 g6 7. Nbd2 Bg7 8. h4 d6 9. c3 Nd7 10. Qc2 Qe7 11. 0-0-0 a6 12. h5 g5 13. Nh2 c5 14. Rhf1 b6 15. f4 Bb7 16. Be4 d5 17. Bd3 cxd4 18. exd4 Bxd4 19. fxg5 hxg5 20. Bg6 0-0 21. Ng4 f5 22. Bxf5 exf5 23. Nh6+ Kh8 24. Nxf5 Rxf5 25. Qxf5 Rf8 26. Qg6 Rf6 27. Rxf6 Bxf6 28. Nf3 Ne5 29. Nxe5 Bxe5 30. Re1 Bc8 31. Kb1 Bg4 32. h6 Qf8 33. Ka1 Bd7 34. Rxe5 1-0

[Event "CZE-chT rap"]
[Site "Pardubice"]
[Date "2016.07.17"]
[Round "6.3"]
[White "Kovar, Vojtech"]
[Black "Sedlacek, Oldrich"]
[Result "1/2-1/2"]
[WhiteElo "2364"]
[BlackElo "2209"]
[PlyCount "51"]
[EventDate "2016.07.14"]
[EventType "team-swiss"]
[EventRounds "7"]
[EventCountry "CZE"]
[SourceTitle "EXT 2017"]
[Source "ChessBase"]
[SourceDate "2016.10.25"]
[SourceVersion "1"]
[SourceVersionDate "2016.10.25"]
[SourceQuality "1"]
[WhiteTeam "Unichess"]
[BlackTeam "Trebic Caissa"]
[WhiteTeamCountry "CZE"]
[BlackTeamCountry "CZE"]

1. d4 d5 2. c4 c6 3. Nf3 Nf6 4. Nc3 dxc4 5. a4 e6 6. e3 c5 7. Bxc4 Nc6 8. 0-0 cxd4 9. exd4 Be7 10. Bg5 0-0 11. Rc1 Bd7 12. Qe2 Nb4 13. Ne5 Be8 14. Rfd1 Nbd5 15. Nxd5 Nxd5 16. Bxe7 Nxe7 17. Bb3 Bc6 18. Nxc6 bxc6 19. Rd3 Qd6 20. Qe4 Rfd8 21. h4 Rac8 22. Rc5 Nf5 23. Bc2 Nxd4 24. Rg5 f5 25. Qe3 Kh8 26. Rxg7 1/2-1/2

[Event "CZE-chT rap"]
[Site "Pardubice"]
[Date "2016.07.17"]
[Round "7.2"]
[White "Potapov, Alexander1111"]
[Black "Kovar, Vojtech"]
[Result "1/2-1/2"]
[WhiteElo "2401"]
[BlackElo "2364"]
[PlyCount "82"]
[EventDate "2016.07.14"]
[EventType "team-swiss"]
[EventRounds "7"]
[EventCountry "CZE"]
[SourceTitle "EXT 2017"]
[Source "ChessBase"]
[SourceDate "2016.10.25"]
[SourceVersion "1"]
[SourceVersionDate "2016.10.25"]
[SourceQuality "1"]
[WhiteTeam "Yamal"]
[BlackTeam "Unichess"]
[WhiteTeamCountry "RUS"]
[BlackTeamCountry "CZE"]

1. d4 Nf6 2. c4 e6 3. Nc3 d5 4. Bg5 Be7 5. e3 0-0 6. Nf3 Ne4 7. Bxe7 Qxe7 8. Rc1 Nxc3 9. Rxc3 c6 10. Bd3 dxc4 11. Bxc4 Nd7 12. 0-0 e5 13. Qc2 e4 14. Nd2 Nf6 15. Bb3 Bg4 16. Re1 Kh8 17. h3 Be6 18. Bxe6 Qxe6 19. Rb3 Qe7 20. Qc5 Rfe8 21. Nc4 Qxc5 22. dxc5 Re7 23. Na5 b6 24. cxb6 axb6 25. Nxc6 Rc7 26. Nd4 Rxa2 27. Rxb6 Nd7 28. Rb5 g6 29. b4 Kg7 30. g4 Rb2 31. Ra1 h6 32. Kg2 Nf8 33. Rc5 Rb7 34. b5 Ne6 35. Nxe6+ fxe6 36. Ra6 Rf7 37. Rxe6 Rbxf2+ 38. Kg1 Rf1+ 39. Kg2 R1f2+ 40. Kg1 Rf1+ 41. Kg2 R1f2+ 1/2-1/2